[Event "Figueira da Foz op 8th"]
[Site "Figueira da Foz"]
[Date "2014.11.25"]
[Round "4"]
[White "Curado, Antonio Mendes"]
[Black "Gama, Joao Goncalo Cerej"]
[Result "0-1"]
[WhiteElo "1701"]
[BlackElo "1262"]
[PlyCount "98"]
[EventDate "2014.11.23"]
[EventType "swiss"]
[EventRounds "9"]
[EventCountry "POR"]
[SourceTitle "CBM 163 Extra"]
[Source "ChessBase"]
[SourceDate "2014.12.23"]
[SourceVersion "1"]
[SourceVersionDate "2014.12.23"]
[SourceQuality "1"]

1. e4 e5 2. Bc4 Nf6 3. Nc3 Bc5 4. d3 d6 5. h3 0-0 6. Be3 Bb6 7. Bxb6 axb6 8. Nge2 Be6 9. 0-0 Bxc4 10. dxc4 Nbd7 11. f4 Nc5 12. Ng3 Re8 13. Qe1 Qd7 14. Nd5 Nxd5 15. cxd5 Qe7 16. f5 Qh4 17. Kh2 Ra4 18. b4 Nd7 19. a3 Nf6 20. Qe2 Rea8 21. Qf3 c5 22. dxc6 bxc6 23. Rfe1 b5 24. Nh1 c5 25. g3 Qg5 26. Qd3 cxb4 27. Qxd6 bxa3 28. Nf2 h6 29. h4 Ng4+ 30. Nxg4 Qxg4 31. Qxe5 b4 32. Qd5 Qf3 33. Qb3 Qf2+ 34. Kh3 Qd4 35. e5 Qb2 36. e6 Qxb3 37. cxb3 R4a5 38. g4 fxe6 39. Rxe6 a2 40. Rb6 Rd5 41. Rxb4 Rd3+ 42. Kg2 Rd2+ 43. Kf3 Rb2 44. g5 hxg5 45. hxg5 Rb1 46. Rxa2 Rxa2 47. Kg4 Rg1+ 48. Kh5 Rh2+ 49. Kg6 Rh6# 0-1